00293nam a2200121Ia 4500008004100000100001500041245004100056260002600097300000800123650001500131942000800146999001700154190216s9999||||xx |||||||||||||| ||und|| aBroota. Kd 0aIntroduction To Psychology. Pt. Xi. bNcrt - Newdelhic2002 a326 aPsychology cREF c36692d36692